00676nam a22001817a 450000500170000000800410001705000200005810000250007824501410010325000120024426000520025630000280030850000380033665000340037465000150040870000330042370000380045620190924092711.0190710t 1966mx ||||| |||| 00| 0 spa 04aJA81 bM39 19661 aMayer, J. P.,eautor10aTrayectoria del pensamiento político c/ por J. P. Mayer ; con la colab. de R.H.S. Grossman ; versión española de Vicente Herrero. a3a. ed. aMéxico :bFondo de Cultura Económica,c1966 axxxii, 346 p. ;c23 cm. aIncluye bibliografías e indices 4aCiencia política xHistoria 4aEstado, el1 aHerrero, Vicente,etraductor1 aGrossman, R. H. S., ecolaborador